| 000 | 00518nam a2200181 i 4500 | ||
|---|---|---|---|
| 001 | 52320 | ||
| 003 | ES-MaACL | ||
| 005 | 20230906162549.0 | ||
| 007 | t| | ||
| 008 | 030827s1969 sp ||||1| spa d | ||
| 100 | 1 |
_aChavchavadze, Paul. _938253 |
|
| 245 | 1 | 0 |
_aPorque la noche ara oscura / _cPaul Chavchavadze ; [versión Ramón Alonso]. |
| 250 | _a[1ª ed.]. | ||
| 260 |
_aBarcelona : _bCaralt, _c[1969] |
||
| 300 |
_a588 p. ; _c20 cm. |
||
| 700 | 1 |
_aAlonso, Ramón. _920239 |
|
| 852 |
_aES-MaACL _jC-39611 _bR.71819 |
||
| 999 |
_c52320 _d52320 |
||